Historia de los principios, y establecimientos de la iglesia desde el nacimiento del Mesías, hasta la muerte de todos los apóstoles (Record no. 8643)

MARC details
000 -CABECERA
campo de control de longitud fija 01285nam a2200241 a 4500
001 - NÚMERO DE CONTROL
campo de control BRCA_8992
005 - FECHA Y HORA DE LA ÚLTIMA TRANSACCIÓN
campo de control 20190320210502.0
008 - DATOS DE LONGITUD FIJA--INFORMACIÓN GENERAL
campo de control de longitud fija 130717s1781----sp-#######---#000-0#spa-#
041 ## - CÓDIGO DE LENGUA
Código de lengua del texto/banda sonora o título independiente spa
044 ## - CÓDIGO DEL PAÍS DE LA ENTIDAD EDITORA/PRODUCTORA
Código MARC del país sp
084 ## - OTRO NÚMERO DE CLASIFICACIÓN
Número de clasificación LM10(19-43)
Número de documento/Ítem .M66 1781
100 1# - ENTRADA PRINCIPAL--NOMBRE DE PERSONA
Nombre de persona Montreuil, Bernardino de
9 (RLIN) 22314
245 10 - MENCIÓN DE TÍTULO
Título Historia de los principios, y establecimientos de la iglesia desde el nacimiento del Mesías, hasta la muerte de todos los apóstoles
Resto del título obra sacada de los quatro Evangelios, y Hechos Apostolicos: reducida a un cuerpo de historia
Mención de responsabilidad, etc. por el P. Bernardino de Montreuil, de la Compañía de Jesús; y su continuación hasta el fin de las vidas de los Apóstoles, tomada de las memorias eclesiásticas de Mr. Luis Sebastian Lenain de Tillemont; traducida del francés por otro padre de la misma compañía.
260 ## - PUBLICACIÓN, DISTRIBUCIÓN, ETC.
Lugar de publicación, distribución, etc. Madrid
Nombre del editor, distribuidor, etc. En la oficina de D. Manuel Martin, don de hallará
Fecha de publicación, distribución, etc. 1781
300 ## - DESCRIPCIÓN FÍSICA
Extensión 432 p. (t.3 III. pte. IV y V)
Dimensiones 21.5 x 16 cm
500 ## - NOTA GENERAL
Nota general Con las licencias necesarias
500 ## - NOTA GENERAL
Nota general Estado físico: presenta encuadernación en pergamino y con cintas rotas
600 14 - PUNTO DE ACCESO ADICIONAL DE MATERIA--NOMBRE DE PERSONA
Nombre de persona Jesucristo
Subdivisión general Historia
9 (RLIN) 22315
650 14 - PUNTO DE ACCESO ADICIONAL DE MATERIA--TÉRMINO DE MATERIA
Término de materia o nombre geográfico como elemento de entrada Iglesia católica
Subdivisión cronológica Obras anteriores a 1800
9 (RLIN) 22316
700 1# - PUNTO DE ACCESO ADICIONAL--NOMBRE DE PERSONA
Nombre de persona Lenain de Tillemont,Luis Sebastian
9 (RLIN) 22317
902 ## - CATALOGADOR
Iniciales CFM
942 ## - ELEMENTOS DE PUNTO DE ACCESO ADICIONAL (KOHA)
Fuente del sistema de clasificación o colocación Library of Congress Classification
Tipo de ítem Koha Libros
Holdings
Estado de retiro Estado de pérdida Estado dañado No para préstamo Localización permanente Ubicación/localización actual Fecha de adquisición Total de préstamos Signatura topográfica completa Código de barras Fecha visto por última vez Precio válido a partir de Tipo de ítem Koha
El ejemplar forma parte de la colección y puede ser consultado según las políticas vigentes.       Biblioteca del Museo Franz Mayer (Rogerio Casas-Alatriste) Biblioteca del Museo Franz Mayer (Rogerio Casas-Alatriste) 13/07/2017   LM10(19-43) .M66 1781 CFM00275 22/03/2019 22/03/2019 Libros